00517nam a22001697a 450000500170000001000130001702000140003003500130004403700160005708200110007310000190008424500750010324600610017826000400023927000450027930000230032420200131124415.0 aA-688444 c200.00a- aA-688444 bDBAD/PUBa- a843.08 aظلل ہما  aد ھلی ميں ا ر د و ا فسا نہ (1947-1900cظلل ہما  bDelhi Mein Urdu Afsana(1900-1947) (Urdu)aby Zille Huma aDelhibShahid Publicationsc1994 ء a1456,Darya Ganj,bN.Delhi e110002k-l- a374 ص c22 Cm(Hb)